LEADER 01395nam 2200397 450 001 000007207 005 20050718115200.0 010 $a88-304-0437-3 100 $a20010201d1982----km-y0itay0103----ba 101 0 $aita 102 $aIT 200 1 $aDisegnare con la parte destra del cervello$eguida allo sviluppo della creatività e delle doti artistiche$fBetty Edwards 205 $a6. ed. 210 $aMilano$cLonganesi & C$dc1982 215 $a216 p.$cill.$d23 cm. 225 1 $a<> vostra via$v169 606 $aDisegno 606 $aPercezione visiva 676 $a741.2$v(20. ed.)$9Disegno. Tecniche, procedure, apparecchi, attrezzature, materiali 700 1$aEdwards,$bBetty$024597 801 0$aIT$bUniversità della Basilicata - B.I.A.$gRICA$2unimarc 912 $a000007207 996 $aDisegnare con la parte destra del cervello$976171 997 $aUNIBAS BAS $aMONING BAS $aMONOGR BAS $aINGEGNERIA CAT $aTORRE$b20$c20010201$lBAS01$h1108 CAT $aTORRE$b20$c20010201$lBAS01$h1123 CAT $c20050601$lBAS01$h1754 CAT $abatch$b01$c20050718$lBAS01$h1049 CAT $c20050718$lBAS01$h1108 CAT $c20050718$lBAS01$h1138 CAT $c20050718$lBAS01$h1152 FMT Z30 -1$lBAS01$LBAS01$mBOOK$1BASA2$APolo Tecnico-Scientifico$2DID$BDidattica$3PTS.s4.p30.12$652950$5I52950$820010201$f98$FConsultazione LEADER 02716nam 2200733 a 450 001 9910455423203321 005 20200520144314.0 010 $a0-19-178997-6 010 $a1-282-35673-9 010 $a9786612356735 010 $a0-520-91163-6 024 7 $a10.1525/9780520911635 035 $a(CKB)1000000000799428 035 $a(EBL)470935 035 $a(OCoLC)609850075 035 $a(SSID)ssj0000351562 035 $a(PQKBManifestationID)11273598 035 $a(PQKBTitleCode)TC0000351562 035 $a(PQKBWorkID)10276187 035 $a(PQKB)10619627 035 $a(StDuBDS)EDZ0001249010 035 $a(MiAaPQ)EBC470935 035 $a(OCoLC)868222524 035 $a(MdBmJHUP)muse30706 035 $a(DE-B1597)521140 035 $a(OCoLC)741346405 035 $a(DE-B1597)9780520911635 035 $a(Au-PeEL)EBL470935 035 $a(CaPaEBR)ebr10676302 035 $a(CaONFJC)MIL235673 035 $a(EXLCZ)991000000000799428 100 $a20130402d1992 uy 0 101 0 $aeng 135 $aur|n|---||||| 181 $ctxt 182 $cc 183 $acr 200 14$aThe works of John Dryden$b[electronic resource] $hVolume XIV$iPlays /$f[editors, Vinton A. Dearing, Alan Roper] 210 $aBerkeley $cUniversity of California Press$d1992 215 $a1 online resource (653 p.) 225 0 $aWorks of John Dryden ;$v14 225 0 $aThe Complete Works of John Milton 300 $aDescription based upon print version of record. 311 $a0-520-07561-7 320 $aIncludes bibliographical references and index. 327 $aThe kind keeper -- The Spanish Fryar -- The Duke of Guise -- The vindication of the Duke of Guise. 330 $aKept women, comic clerics, and political schemers enliven the four plays in this volume of the California Dryden. Dryden asserted that The Kind Keeper was a moral play, dedicated to exposing the "crying sin" of keeping a mistress. The production was closed after three nights, but whether because of the play's success in moralizing, or in exposing, is hard to know. 410 0$aWorks of John Dryden 606 $aEnglish poetry 606 $aLITERARY CRITICISM / European / English, Irish, Scottish, Welsh$2bisacsh 608 $aElectronic books. 615 0$aEnglish poetry. 615 7$aLITERARY CRITICISM / European / English, Irish, Scottish, Welsh. 676 $a828.409 700 $aDryden$b John$0377062 701 $aDearing$b Vinton A$0196619 701 $aRoper$b Alan$0193696 801 0$bMiAaPQ 801 1$bMiAaPQ 801 2$bMiAaPQ 906 $aBOOK 912 $a9910455423203321 996 $aThe works of John Dryden$92470892 997 $aUNINA